Study skills for academic writing

The book has five units. The aims of each unit are set out briefly on the first page of the unit. The first section gives information and advice that you will require in the tasks that form the second section of the unit. Some short tasks are occasionally included in the guide section.

Saved in:
Bibliographic Details
Main Author: Trzeciak, John
Format: Book
Language:Undetermined
Published: London Longman 1994
Subjects:
Tags: Add Tag
No Tags, Be the first to tag this record!
Institutions: Trung tâm Học liệu Trường Đại học Cần Thơ
LEADER 01087nam a2200217Ia 4500
001 CTU_141677
008 210402s9999 xx 000 0 und d
082 |a 428.0076 
082 |b T876 
100 |a Trzeciak, John 
245 0 |a Study skills for academic writing 
245 0 |c John Trzeciak, S. E. Mackay 
260 |a London 
260 |b Longman 
260 |c 1994 
520 |a The book has five units. The aims of each unit are set out briefly on the first page of the unit. The first section gives information and advice that you will require in the tasks that form the second section of the unit. Some short tasks are occasionally included in the guide section. 
650 |a Tiếng Anh,Học tập, phương pháp,Viết báo cáo,English language,English language,Study, method of,Report writing 
650 |x Tu từ học,Toán, bài tập,Toán, bài tập,Toán, bài tập,Rhetoric,Problems, exercise,Problems, exercise 
650 |y Problems, exercise 
904 |i Trọng Hải 
980 |a Trung tâm Học liệu Trường Đại học Cần Thơ